| Tag |
First Indicator |
Second Indicator |
Subfields |
| LEADER |
00000cam a2200000 a 4500 |
| 001 |
in00000025749 |
| 005 |
20151007054447.0 |
| 008 |
880325s1988 nyu 00010 eng |
| 010 |
|
|
|a 88009221
|
| 020 |
|
|
|a 0688080723
|
| 035 |
|
|
|a (OCoLC)17776282
|
| 035 |
|
|
|9 AAB5131AM
|
| 040 |
|
|
|a DLC
|c DLC
|d TXA
|d UtOrBLW
|
| 043 |
|
|
|a n-us---
|
| 049 |
|
|
|a TXAM
|c [A11502533]
|
| 050 |
0 |
0 |
|a E880
|b .S54 1988
|
| 082 |
0 |
|
|a 324.973/0927
|2 19
|
| 100 |
1 |
|
|a Sheehy, Gail.
|
| 245 |
1 |
0 |
|a Character :
|b America's search for leadership /
|c by Gail Sheehy.
|
| 250 |
|
|
|a 1st ed.
|
| 264 |
|
1 |
|a New York :
|b Morrow,
|c [1988]
|
| 264 |
|
4 |
|c ©1988
|
| 300 |
|
|
|a 303 pages ;
|c 24 cm.
|
| 336 |
|
|
|a text
|b txt
|2 rdacontent
|
| 337 |
|
|
|a unmediated
|b n
|2 rdamedia
|
| 338 |
|
|
|a volume
|b nc
|2 rdacarrier
|
| 650 |
|
0 |
|a Presidential candidates
|z United States
|x Psychology.
|
| 650 |
|
0 |
|a Political leadership
|z United States.
|
| 650 |
|
0 |
|a Presidents
|z United States
|x Election
|y 1988.
|
| 999 |
|
|
|a MARS
|
| 999 |
f |
f |
|s f65a920c-88c0-32d1-a174-b0f6d5207c72
|i 388c3696-3d9f-3651-a0c0-78302cc4c209
|t 0
|
| 952 |
f |
f |
|p normal
|a Texas A&M University
|b College Station
|c Sterling C. Evans Library
|d Evans: Library Stacks
|t 0
|e E880 .S54 1988
|h Library of Congress classification
|i unmediated -- volume
|m A14811502533
|
| 998 |
f |
f |
|a E880 .S54 1988
|t 0
|l Evans: Library Stacks
|